20 Fascinating stories (Record no. 2154)

MARC details
000 -LEADER
fixed length control field 00621 a2200193 4500
010 ## - LIBRARY OF CONGRESS CONTROL NUMBER
LC control number ENG-85283
020 ## - INTERNATIONAL STANDARD BOOK NUMBER
Terms of availability 200.00
035 ## - SYSTEM CONTROL NUMBER
System control number EN-68816
037 ## - SOURCE OF ACQUISITION
Source of stock number/acquisition D.B.Act / Pub
082 14 - DEWEY DECIMAL CLASSIFICATION NUMBER
Classification number S
090 ## - LOCALLY ASSIGNED LC-TYPE CALL NUMBER (OCLC); LOCAL CALL NUMBER (OCLC)
-- 2194
-- 2194
100 1# - MAIN ENTRY--PERSONAL NAME
Personal name Kumar, K Pune
245 1# - TITLE STATEMENT
Title 20 Fascinating stories
Statement of responsibility, etc by K. Kumar Pune
Remainder of title a colllection of Indian stories
260 ## - PUBLICATION, DISTRIBUTION, ETC. (IMPRINT)
Place of publication, distribution, etc Trivandrum
Name of publisher, distributor, etc Poetree Garden
Date of publication, distribution, etc 2005
270 ## - ADDRESS
Address Kerala University, P.O. Trivandrum
City Trivandrum
State or province Kerala
Postal code 695034
300 ## - PHYSICAL DESCRIPTION
Extent 172 p.
Dimensions 22 cm. (Pbk)
942 ## - ADDED ENTRY ELEMENTS (KOHA)
Institution code [OBSOLETE] dpl
Koha item type English Books
Call number prefix S/ KUM
Holdings
Withdrawn status Lost status Source of classification or shelving scheme Damaged status Not for loan Collection code Home library Current library Source of acquisition Cost, normal purchase price Total Checkouts Full call number Barcode Date last seen Copy number Uniform Resource Identifier Cost, replacement price Price effective from Koha item type
    Dewey Decimal Classification   Not For Loan Fiction D.B.Act.Division D.B.Act.Division DBAD/PUB 200.00   S KUM EN-68816 15/09/2008 1 2286 200.00 15/09/2008 English Books

© Delhi Public Library
Hit Counter
free hit counter